Mariposa del Chagual.

Guardat en:
Dades bibliogràfiques
Autor principal: Ana, Florencia (Sánchez Valenzuela, Florencia Ana ) (autora)
Altres autors: Olivos, María Jesús (ilustraciones)
Format: Desconegut
Idioma:anglès
Publicat: Santiago, Chile: Catalonia, 2022.
Edició:Primera edición.
Col·lecció:Colección El Mundo de Lucinda.
Matèries:
Etiquetes: Afegir etiqueta
Sense etiquetes, Sigues el primer a etiquetar aquest registre!

MARC

LEADER 00000 a2200000 4500
003 CL-VaPUC
005 20250417114529.0
008 230911t2022 ||||| |||| 00| 0 eng d
999 |c 441666  |d 441664 
020 |a 978-956-324-937-8 
040 |c Pontificia Universidad Católica de Valparaíso 
082 |2 22  |a Ch863 ANA 2022 
100 |a Ana, Florencia   |q (Sánchez Valenzuela, Florencia Ana )  |e autora  |9 884320 
245 |a Mariposa del Chagual.  
250 |a Primera edición.  
260 |a Santiago, Chile:  |b Catalonia,  |c 2022. 
300 |a 31 páginas: ilustraciones.  
490 |a Colección El Mundo de Lucinda.  
583 |k GC  |c 20230911 
650 0 |9 308784  |a Literatura infantil chilena   |x Flores nativas  |x Cuentos  |z Chile 
700 |9 884494  |a Olivos, María Jesús   |e ilustraciones 
942 |2 ddc  |c BK 
952 |0 0  |1 0  |2 ddc  |4 0  |6 CH_863_000000000000000_ANA_2022  |7 0  |8 A  |9 591474  |a BIBEDU  |b BIBEDU  |c GEN  |d 2023-09-08  |e 13  |g 10125.00  |i 5658591  |l 4  |o Ch863 ANA 2022  |p 5658591  |r 2024-10-18  |s 2024-10-11  |t 1  |v 10125.00  |w 2023-09-08  |y BK  |k PAR